[Event "38th Olympiad"]
[Site "Dresden GER"]
[Date "2008.11.14"]
[Round "2"]
[White "Espinoza,F"]
[Black "Espinosa Flores,R"]
[Result "1-0"]
[WhiteElo "2243"]
[BlackElo "2412"]
[EventDate "2008.11.13"]

1. e4 c5 2. Nf3 Nc6 3. d4 cxd4 4. Nxd4 Nf6 5. Nc3 e5 6. Ndb5 d6 7. Bg5 a6
8. Na3 b5 9. Nd5 Qa5+ 10. Bd2 Qd8 11. Bg5 Be7 12. Bxf6 Bxf6 13. c4 b4 14.
Nc2 Rb8 15. b3 Bg5 16. g3 O-O 17. Bg2 Be6 18. O-O Qd7 19. Qd3 Qa7 20. Kh1
a5 21. h4 Bd8 22. Nde3 Bb6 23. Rad1 Bc5 24. Kh2 Qd7 25. f4 exf4 26. gxf4
Qd8 27. Kg3 Bd7 28. e5 Re8 29. Be4 Re6 30. Bxh7+ Kh8 31. Bf5 Rh6 32. Bxd7
Qxd7 33. Nf5 Rh5 34. Nxd6 Rd8 35. Qf3 Rh6 36. Ne4 Qe7 37. Ng5 f6 38. exf6
gxf6 39. Qxc6 Rg8 40. Rd7 Qf8 41. Qe6 fxg5 42. Qe5+ Qf6 43. Qxf6+ Rxf6 44.
hxg5 Rxg5+ 45. fxg5 Rxf1 46. Rd5 Bb6 47. Nd4 Ra1 48. Ne6 Rxa2 49. Rb5 Bg1
50. g6 Bh2+ 51. Kf3 Rb2 52. Rxa5 Rxb3+ 53. Ke4 Ra3 54. Rh5+ Kg8 55. Rxh2
1-0

[Event "38th Olympiad"]
[Site "Dresden GER"]
[Date "2008.11.14"]
[Round "2"]
[White "Gongora Montes,B"]
[Black "Picado,J"]
[Result "1/2-1/2"]
[WhiteElo "2281"]
[BlackElo "2219"]
[EventDate "2008.11.13"]

1. d4 d5 2. c4 e6 3. Nc3 Be7 4. Bf4 Nf6 5. e3 c6 6. Nf3 Nbd7 7. Qc2 Qa5 8.
Be2 dxc4 9. Bxc4 b5 10. Bb3 Bb7 11. O-O c5 12. dxc5 Bxf3 13. gxf3 Nxc5 14.
Qe2 a6 15. Bc2 Rc8 16. a3 Qb6 17. Kh1 Nh5 18. Be5 Nd7 19. Bd4 Qc6 20. Be4
Qc7 21. Rac1 Qb8 22. f4 Nhf6 23. Bb1 O-O 24. Rg1 Bc5 25. Bxh7+ Kh8 26. Bxf6
Nxf6 27. Bb1 g6 28. Qf3 Be7 29. e4 Qb7 30. Rg2 Rg8 31. Qh3+ Nh7 32. e5 b4
33. axb4 Qxb4 34. f3 Qxf4 35. Re1 Qh4 36. Qxh4 Bxh4 37. Re4 Be7 38. Ra4
Rgd8 39. Rxa6 Ng5 40. Rg3 Rd7 41. f4 Nh7 42. Be4 Rb8 43. Rg2 Nf8 44. h4 Rd4
45. Ra7 Rd7 46. Ra4 Rbd8 47. Rc4 Rd4 48. Rc7 Bb4 49. Re2 Kg7 50. Kg2 Nd7
51. Nb5 Rd1 52. Bc2 Rd5 53. Nc3 Rc5 54. Rxc5 Nxc5 55. Kf3 Nd3 56. Bxd3
Rxd3+ 57. Re3 Rd2 58. Na4 Be7 59. Kg3 f6 60. exf6+ Kxf6 61. Rb3 Bd6 62. Nc3
Rd3+ 63. Kg4 Rd4 64. Ne2 Rc4 65. Rb6 Bc7 66. Rb7 e5 67. Kf3 exf4 68. b4 Kf5
69. b5 Be5 70. Rf7+ Ke6 71. Rf8 Ke7 72. Ra8 Rb4 73. Ra6 Rb3+ 74. Kg4 f3 75.
Ng3 f2 76. Nf1 Rb1 77. Kf3 Rxf1 78. Ke2 Ra1 79. Kxf2 Rxa6 80. bxa6 Bb8 81.
Kf3 Ba7 82. Kg4 Kf6 83. h5 g5 84. h6 Be3 85. h7 Kg7 86. a7 Bxa7 87. Kxg5
Kxh7 1/2-1/2

[Event "38th Olympiad"]
[Site "Dresden GER"]
[Date "2008.11.14"]
[Round "2"]
[White "Bravo,Will"]
[Black "Capo Vidal,U"]
[Result "1/2-1/2"]
[WhiteElo "2157"]
[BlackElo "2340"]
[EventDate "2008.11.13"]

1. d4 d5 2. c4 e6 3. Nf3 Nf6 4. g3 dxc4 5. Bg2 Nc6 6. Qa4 Bb4+ 7. Bd2 Bd6
8. O-O O-O 9. Qxc4 e5 10. d5 Ne7 11. Nc3 Ng6 12. e4 Bd7 13. Ne1 c6 14. dxc6
Bxc6 15. Nc2 Rc8 16. Qe2 Qb6 17. Rab1 Rfd8 18. Ne3 Nf8 19. Ned5 Nxd5 20.
exd5 Bd7 21. Be3 Qa5 22. Ne4 Bf5 23. Nxd6 Rxd6 24. Rbc1 Rxc1 25. Rxc1 e4
26. g4 Bg6 27. h4 f5 28. h5 Bf7 29. gxf5 Qxd5 30. Bc5 Rc6 31. Bxe4 Rxc5 32.
Bxd5 Rxc1+ 33. Kh2 Bxd5 34. f3 Rc6 35. Qb5 Rd6 36. Qc5 Rd7 37. Qxa7 Bxf3
38. h6 gxh6 39. b4 Rd5 40. a4 Rxf5 41. b5 h5 42. Qd4 Kf7 43. a5 Ne6 44. Qd3
Kf6 45. a6 bxa6 46. bxa6 Ba8 47. a7 Rf2+ 48. Kg1 Rg2+ 49. Kf1 Rg7 50. Qe3
Rf7 51. Ke1 1/2-1/2

[Event "38th Olympiad"]
[Site "Dresden GER"]
[Date "2008.11.14"]
[Round "2"]
[White "Franco Ocampos,Z"]
[Black "Santa Torres,J"]
[Result "1-0"]
[WhiteElo "2501"]
[BlackElo "2233"]
[EventDate "2008.11.13"]

1. c4 e5 2. g3 d6 3. Bg2 f5 4. Nc3 Nf6 5. d3 Be7 6. e4 c6 7. Nge2 O-O 8.
O-O fxe4 9. dxe4 Be6 10. b3 c5 11. f4 Nc6 12. Nd5 Bg4 13. h3 Bxe2 14. Nxe7+
Qxe7 15. Qxe2 Nd4 16. Qd3 Rae8 17. Bd2 Nh5 18. Kh2 exf4 19. gxf4 Qh4 20. e5
dxe5 21. fxe5 Rf2 22. Rxf2 Qxf2 23. Rf1 Qh4 24. Bxb7 Qe7 25. Bd5+ Kh8 26.
Qe4 Rf8 27. Rxf8+ Qxf8 28. Kg2 Nf5 29. Kg1 Nhg3 30. Qf3 g6 31. e6 h6 32.
Bf4 Nh5 33. Be5+ Kh7 34. Be4 Nhg7 35. Bxf5 Nxf5 36. Qb7+ Kg8 37. Qxa7 Ne7
1-0

[Event "38th Olympiad"]
[Site "Dresden GER"]
[Date "2008.11.14"]
[Round "2"]
[White "Kropff,R"]
[Black "Raul,V"]
[Result "1-0"]
[WhiteElo "2286"]
[BlackElo "2099"]
[EventDate "2008.11.13"]

1. d4 Nf6 2. c4 c5 3. d5 e6 4. Nc3 exd5 5. cxd5 d6 6. Nf3 g6 7. Nd2 Nbd7 8.
e4 Bg7 9. Be2 O-O 10. O-O Re8 11. Re1 a6 12. a4 Rb8 13. Qc2 Qc7 14. Ra3 h6
15. h3 c4 16. a5 b5 17. axb6 Rxb6 18. Nxc4 Rb4 19. b3 Nc5 20. Bd2 Nfd7 21.
Bf4 Ne5 22. Bxe5 Bxe5 23. Na2 Rb8 24. Nxe5 Rxe5 25. b4 Rxe4 26. bxc5 Bf5
27. Qc1 Rxe2 28. Rxe2 Rb1 29. Qxb1 Bxb1 30. c6 Qb6 31. Rc3 h5 32. c7 Bf5
33. Re6 1-0

[Event "38th Olympiad"]
[Site "Dresden GER"]
[Date "2008.11.14"]
[Round "2"]
[White "Matamoros Franco,C"]
[Black "Elliott,W"]
[Result "1/2-1/2"]
[WhiteElo "2525"]
[BlackElo "2264"]
[EventDate "2008.11.13"]

1. Nf3 b6 2. g3 Bb7 3. Bg2 e6 4. O-O f5 5. d3 Nf6 6. e4 fxe4 7. Nfd2 Be7 8.
dxe4 e5 9. Nc3 O-O 10. Nd5 Bc5 11. Nb3 Nxd5 12. Nxc5 bxc5 13. exd5 d6 14.
c4 Nd7 15. Bd2 Nb6 16. Qc2 Qe8 17. a4 Bc8 18. Be4 Qh5 19. a5 Nd7 20. Qd1
Qxd1 21. Rfxd1 Nf6 22. Bg2 Rb8 23. Bc3 Ba6 24. Ra4 Ng4 25. Rd2 Nh6 26. Be4
Nf5 27. Kg2 Nd4 28. f3 Rb3 29. Rf2 Nf5 30. Re2 Nd4 31. Rf2 Nf5 32. Re2 Nd4
33. Rf2 1/2-1/2

[Event "38th Olympiad"]
[Site "Dresden GER"]
[Date "2008.11.14"]
[Round "2"]
[White "Matthews,S"]
[Black "Pazos Gambarrotti,P"]
[Result "0-1"]
[WhiteElo "2179"]
[BlackElo "2327"]
[EventDate "2008.11.13"]

1. e4 c5 2. Nf3 Nc6 3. d4 cxd4 4. Nxd4 Nf6 5. Nc3 d6 6. Bc4 Qb6 7. Ndb5 a6
8. Be3 Qa5 9. Nd4 e6 10. O-O Be7 11. f4 O-O 12. Nb3 Qc7 13. Bd3 b5 14. Qf3
Bb7 15. Qh3 Nb4 16. Rac1 Rac8 17. Nd4 Rfe8 18. Nf3 e5 19. a3 Nxd3 20. cxd3
Qb8 21. Nh4 d5 22. fxe5 Qxe5 23. Rf5 Qe6 24. e5 Nd7 25. Nf3 g6 26. Nd4 Qb6
27. Rxf7 h5 28. Qxd7 Kxf7 29. Rf1+ Kg8 30. Nxd5 Bxd5 31. Qxd5+ Kh8 32. Qe4
Rf8 33. Rxf8+ Rxf8 34. Nf3 Qe6 35. d4 Rd8 36. h3 Kg7 37. Qf4 Kg8 38. Nd2
Qf5 39. Qxf5 gxf5 40. Nf3 Kf7 41. Kf2 Ke6 42. Bg5 Bxg5 43. Nxg5+ Kd5 44.
Ke3 Rc8 45. Nh7 Rc2 46. Nf6+ Ke6 47. Nxh5 Rxb2 48. Nf4+ Kf7 49. d5 Rb3+ 50.
Kd4 b4 51. a4 Rb1 52. d6 b3 53. e6+ Ke8 54. g3 Rc1 55. Nd3 Rc2 56. Ke5 Rd2
57. d7+ Ke7 58. Nb4 Re2+ 59. Kxf5 Rxe6 0-1

[Event "38th Olympiad"]
[Site "Dresden GER"]
[Date "2008.11.14"]
[Round "2"]
[White "Aucay Pelaez,M"]
[Black "Rowe,D"]
[Result "1/2-1/2"]
[WhiteElo "2335"]
[BlackElo "2203"]
[EventDate "2008.11.13"]

1. e4 e5 2. Nf3 Nc6 3. Bb5 a6 4. Ba4 Nf6 5. O-O b5 6. Bb3 Be7 7. d3 d6 8.
c3 O-O 9. h3 Na5 10. Bc2 c5 11. Nbd2 Nc6 12. Re1 Qc7 13. a4 Bb7 14. Nf1 d5
15. Ng3 Rfd8 16. Qe2 d4 17. Nf5 h6 18. Nh2 Bf8 19. Qf3 Nh7 20. Ng4 Ne7 21.
Qg3 Ng6 22. cxd4 cxd4 23. Bb3 Kh8 24. axb5 axb5 25. Rxa8 Bxa8 26. Bd2 Rd7
27. Rc1 Qb8 28. h4 h5 29. Nh2 Nf4 30. Qf3 g6 31. Ng3 Bh6 32. Ngf1 Kg7 33.
g3 Ne6 34. Bxh6+ Kxh6 35. Qd1 Nhf8 36. Nf3 Kg7 37. Ng5 Nxg5 38. hxg5 Rc7
39. Ra1 Bb7 40. Qd2 Bc8 41. Nh2 Be6 42. Bxe6 Nxe6 43. Nf3 Qc8 44. Ne1 Qd8
45. Nf3 1/2-1/2

[Event "38th Olympiad"]
[Site "Dresden GER"]
[Date "2008.11.14"]
[Round "2"]
[White "Pitterson,J"]
[Black "Macias Murillo,B"]
[Result "1/2-1/2"]
[WhiteElo "2223"]
[BlackElo "2333"]
[EventDate "2008.11.13"]

1. d4 Nf6 2. c4 c5 3. d5 b5 4. cxb5 a6 5. e3 g6 6. Nc3 Bg7 7. a4 O-O 8. Nf3
d6 9. Be2 axb5 10. Bxb5 Bb7 11. O-O e6 12. e4 Na6 13. Bf4 exd5 14. exd5 Nb4
15. Bc6 Bxc6 16. dxc6 d5 17. c7 Qd7 18. Nb5 Ne4 19. Be5 f6 20. Bc3 Na6 21.
Ba5 Kh8 22. Re1 f5 23. Nd2 Rf7 24. Qc2 Nd6 25. Qd3 Nb7 26. Bb6 Qc6 27. Na7
Rxa7 28. Bxa7 Nxc7 29. Bb8 Bxb2 30. Rab1 Bf6 31. Qb3 Na5 32. Qb6 Bc3 33.
Bxc7 Rxc7 34. Re8+ Kg7 35. Nf3 Rb7 36. Qxb7+ Nxb7 37. Re7+ Kf6 38. Rbxb7
Qxa4 39. h4 h6 40. Rbd7 f4 41. Rf7+ Ke6 42. Rfe7+ Kf5 43. Rxd5+ Kf6 44.
Red7 c4 45. R5d6+ Kf5 46. Rd5+ Ke6 47. R5d6+ Kf5 48. Rd5+ Kg4 1/2-1/2

[Event "38th Olympiad"]
[Site "Dresden GER"]
[Date "2008.11.14"]
[Round "2"]
[White "Juarez Flores,C"]
[Black "Gonzalez,Be CRC"]
[Result "1/2-1/2"]
[WhiteElo "2358"]
[BlackElo "2432"]
[EventDate "2008.11.13"]

1. e4 c6 2. d4 d5 3. Nc3 dxe4 4. Nxe4 Nd7 5. Ng5 Ngf6 6. Bc4 e6 7. Qe2 Nb6
8. Bb3 h6 9. N5f3 a5 10. a3 a4 11. Ba2 c5 12. dxc5 Nbd7 13. Nh3 Bxc5 14.
O-O O-O 15. Nf4 b6 16. Rd1 Ba6 17. Bc4 Bxc4 18. Qxc4 Qc7 19. Be3 b5 20. Qc3
Rfc8 21. Bxc5 Qxf4 22. Qb4 Qf5 23. Be3 Qxc2 24. Nd4 Qc4 25. Qxb5 Rab8 26.
Qxc4 Rxc4 27. Rac1 Rxc1 28. Bxc1 Nd5 29. Nc6 Rc8 30. Rxd5 Rxc6 31. Rd1 Rc2
32. h3 Ne5 33. Bf4 Nc4 34. Rc1 Rxc1+ 1/2-1/2

[Event "38th Olympiad"]
[Site "Dresden GER"]
[Date "2008.11.14"]
[Round "2"]
[White "Quinones,Ces"]
[Black "Hernandez Basante,F"]
[Result "0-1"]
[WhiteElo "2312"]
[BlackElo "2247"]
[EventDate "2008.11.13"]

1. e4 e6 2. d4 d5 3. Nc3 Bb4 4. exd5 exd5 5. g3 Nf6 6. Bg2 O-O 7. Nge2 c6
8. O-O b6 9. a3 Bd6 10. b4 b5 11. a4 Bxb4 12. axb5 Bg4 13. Qd3 Qd7 14. Rb1
Bf5 15. Qd1 a5 16. Bg5 Ne4 17. Nxe4 Bxe4 18. Bxe4 dxe4 19. c3 Bd6 20. c4
cxb5 21. Rxb5 Nc6 22. Nc3 Rfe8 23. Nd5 Rab8 24. Nb6 Qh3 25. Be3 f5 26. c5
f4 27. gxf4 Re6 28. Qb3 Kh8 29. Qxe6 Qxe6 30. cxd6 Qxd6 31. Nc4 Qg6+ 32.
Rg5 Qf7 33. d5 h6 0-1

[Event "38th Olympiad"]
[Site "Dresden GER"]
[Date "2008.11.14"]
[Round "2"]
[White "Noguchi,K"]
[Black "Al Hitmi,M"]
[Result "1/2-1/2"]
[WhiteElo "2018"]
[BlackElo "2161"]
[EventDate "2008.11.13"]

1. c4 d6 2. g3 e5 3. Bg2 f5 4. d4 Be7 5. Nc3 Nf6 6. e3 O-O 7. Nge2 c6 8.
O-O Qe8 9. c5 Nbd7 10. cxd6 Bxd6 11. dxe5 Qxe5 12. Qd4 Bc5 13. Qc4+ Kh8 14.
Rd1 Nb6 15. Qh4 Be6 16. Nf4 Bf7 17. Nd3 Qe7 18. Nxc5 Qxc5 19. Qd4 Qxd4 20.
Rxd4 Rad8 21. Rxd8 Rxd8 22. Bh3 g6 23. b3 Kg8 24. Ba3 Rd3 25. Bb4 Be6 26.
Rd1 Rxd1+ 27. Nxd1 Nbd5 28. Ba3 Ne4 29. Bg2 Nec3 30. Bxd5 Nxd5 31. Kf1 Kf7
32. Ke1 b6 33. Kd2 c5 34. Nc3 Nxc3 35. Kxc3 Bd5 36. Bc1 Ke6 37. Bb2 Kd6 38.
Kd3 Ke6 39. Bc3 Kd6 40. Bg7 Ke6 41. Bc3 1/2-1/2

[Event "38th Olympiad"]
[Site "Dresden GER"]
[Date "2008.11.14"]
[Round "2"]
[White "Baules,J"]
[Black "Polaczek,R"]
[Result "1/2-1/2"]
[WhiteElo "2317"]
[BlackElo "2419"]
[EventDate "2008.11.13"]

1. d4 e6 2. Nf3 Nf6 3. c4 b6 4. g3 Bb7 5. Bg2 Be7 6. O-O O-O 7. Nc3 Ne4 8.
Bd2 d5 9. Qc2 Nd7 10. Rad1 Nxc3 11. Bxc3 c6 12. b3 f5 13. Nd2 Bd6 14. Rde1
Nf6 15. c5 Bc7 16. b4 Qe8 17. f4 Ng4 18. Rf3 h6 19. Bf1 Qh5 20. h3 Nf6 21.
Bg2 Ba6 22. Qa4 Bb5 23. Qb3 Qe8 24. a4 Ba6 25. Bf1 Ne4 26. Nxe4 fxe4 27.
Rf2 Bc4 28. Qc2 bxc5 29. bxc5 Qc8 30. e3 Qa6 31. Ba1 Bxf1 32. Rexf1 Rab8
33. Qd1 Qc8 34. Bc3 Qd7 35. Rg2 Bd8 36. Rgf2 Be7 37. Qc2 Qb7 38. Qe2 Qd7
39. Qc2 Rb7 40. Rb1 Rfb8 41. Rbf1 Rf8 42. Qd1 Kh7 43. h4 g6 44. Rh2 Rbb8
45. Rg2 1/2-1/2

[Event "38th Olympiad"]
[Site "Dresden GER"]
[Date "2008.11.14"]
[Round "2"]
[White "Gulbas,C"]
[Black "Pan,L"]
[Result "1-0"]
[WhiteElo "2371"]
[BlackElo "2213"]
[EventDate "2008.11.13"]

1. e4 e6 2. d4 d5 3. Nc3 Bb4 4. e5 c5 5. a3 Bxc3+ 6. bxc3 Ne7 7. Qg4 Qc7 8.
Qxg7 Rg8 9. Qxh7 cxd4 10. Ne2 Nbc6 11. f4 Bd7 12. Qd3 dxc3 13. Rb1 a6 14.
h4 Nf5 15. h5 O-O-O 16. h6 Rg6 17. h7 Rh8 18. Qxc3 Rg7 19. Qh3 Rhxh7 20.
Qxh7 Rxh7 21. Rxh7 Qa5+ 22. Bd2 Qxa3 23. Rxf7 Ne3 24. Bxe3 Qxe3 25. Rb3 Qe4
26. Rh3 a5 27. g4 a4 28. Kf2 Qxc2 29. Rh8+ Nd8 30. Rff8 a3 31. Rxd8+ Kc7
32. Ra8 a2 33. g5 d4 34. g6 Qxg6 35. Rxa2 Qe4 36. Rd2 d3 37. Bg2 Qc4 38.
Rh7 b5 39. f5 exf5 40. e6 Qxe6 41. Rxd3 b4 42. Rhxd7+ Qxd7 43. Rxd7+ Kxd7
44. Bd5 Kd6 45. Bb3 Ke5 46. Ke3 Kf6 47. Kf4 Kg6 48. Nd4 Kf6 49. Nc6 Kg6 50.
Nxb4 Kf6 51. Nc6 Kg6 52. Bc2 Kf6 53. Bxf5 Kg7 54. Kg5 Kf7 55. Bg4 Kg7 56.
Ne5 Kh8 57. Kg6 Kg8 58. Nf7 Kf8 59. Kf6 Kg8 60. Bf5 1-0

[Event "38th Olympiad"]
[Site "Dresden GER"]
[Date "2008.11.14"]
[Round "2"]
[White "Valdes,R"]
[Black "Saiboulatov,D"]
[Result "0-1"]
[WhiteElo "2093"]
[BlackElo "2360"]
[EventDate "2008.11.13"]

1. d4 e6 2. c4 Bb4+ 3. Bd2 a5 4. Nf3 Nf6 5. a3 Bxd2+ 6. Qxd2 d6 7. Nc3 O-O
8. e3 Nbd7 9. Bd3 e5 10. O-O-O Re8 11. Qc2 Qe7 12. Ng5 Nf8 13. h4 c6 14. f3
Bd7 15. Nce4 Nxe4 16. Bxe4 h6 17. g4 exd4 18. Bh7+ Kh8 19. Rxd4 Qxe3+ 20.
Kb1 hxg5 21. hxg5 Qxd4 22. Be4+ Kg8 23. Bh7+ Nxh7 0-1

[Event "38th Olympiad"]
[Site "Dresden GER"]
[Date "2008.11.14"]
[Round "2"]
[White "Laurent,B"]
[Black "Mathews,B"]
[Result "1-0"]
[WhiteElo "2370"]
[BlackElo "2032"]
[EventDate "2008.11.13"]

1. e4 c5 2. Nf3 d6 3. c3 Nf6 4. Be2 Nc6 5. d4 cxd4 6. cxd4 g6 7. Nc3 Bg7 8.
h3 O-O 9. O-O Nd7 10. Bg5 h6 11. Be3 a6 12. Rc1 b5 13. Qd2 Kh7 14. d5 Nce5
15. Nd4 Nb6 16. b3 Bb7 17. f4 Ned7 18. Nc6 Bxc6 19. dxc6 Nc5 20. Bf3 Qc7
21. Nd5 Nxd5 22. exd5 Rfd8 23. Qc2 e6 24. b4 Na4 25. dxe6 fxe6 26. Be4 d5
27. Bxg6+ Kh8 28. f5 e5 29. Qd2 d4 30. Bxh6 Bf6 31. Bg5 Qe7 32. Bxf6+ Qxf6
33. c7 Rdc8 34. Rc6 Qh4 35. Bh5 1-0

[Event "38th Olympiad"]
[Site "Dresden GER"]
[Date "2008.11.14"]
[Round "2"]
[White "Barileng,G"]
[Black "Purnama,T"]
[Result "0-1"]
[WhiteElo "2107"]
[BlackElo "2417"]
[EventDate "2008.11.13"]

1. Nf3 Nf6 2. c4 g6 3. Nc3 Bg7 4. e4 d6 5. d4 O-O 6. Be2 Bg4 7. O-O Nfd7 8.
Be3 Nc6 9. d5 Bxf3 10. Bxf3 Nce5 11. Be2 Nb6 12. Qb3 c6 13. f4 Ned7 14. a4
a5 15. Rfd1 Qc7 16. Rac1 Rac8 17. Bg4 Rcd8 18. Nb1 Nc5 19. Bxc5 dxc5 20. g3
f5 21. exf5 gxf5 22. Bf3 cxd5 23. cxd5 c4 24. Qb5 Rc8 25. Nc3 Nd7 26. d6
exd6 27. Qd5+ Kh8 28. Qxd6 Qxd6 29. Rxd6 Nc5 30. Re1 Rfd8 31. Rxd8+ Rxd8
32. Re7 b6 33. Be2 Nd3 34. Bxd3 cxd3 35. Re1 Rc8 36. Rd1 Bxc3 37. bxc3 Rxc3
38. Kf2 Rc4 39. Rxd3 Rxa4 40. Rd5 Rb4 41. Rxf5 Kg7 42. Rd5 a4 43. Kf3 b5
44. g4 a3 45. Rd7+ Kg8 46. Rd1 a2 47. Ra1 Rb2 48. Ke3 b4 49. Kd3 b3 0-1

[Event "38th Olympiad"]
[Site "Dresden GER"]
[Date "2008.11.14"]
[Round "2"]
[White "Sorensen,To"]
[Black "Ermenkov,Evgenij"]
[Result "1-0"]
[WhiteElo "2383"]
[BlackElo "2465"]
[EventDate "2008.11.13"]

1. Nf3 g6 2. e4 Bg7 3. d4 d6 4. Bc4 c6 5. Bb3 Nf6 6. Qe2 e5 7. dxe5 dxe5 8.
O-O Qc7 9. a4 O-O 10. a5 Na6 11. c3 Nc5 12. Bc2 Be6 13. Nbd2 h6 14. b4 Ncd7
15. Bb3 Bxb3 16. Nxb3 b5 17. c4 a6 18. Bb2 Rac8 19. Rac1 Qb8 20. Rc2 Rfe8
21. Rd1 Bf8 22. c5 Qc7 23. Rcd2 Re6 24. h3 Rce8 25. Rd3 Nb8 26. Nh2 Kh7 27.
Nd2 Nh5 28. g3 Rd8 29. Rxd8 Qxd8 30. Nc4 Qc7 31. Nb6 Nf6 32. Ng4 Nxg4 33.
Qxg4 h5 34. Qf3 Kg8 35. Qd3 Re8 36. Nd7 Bg7 37. Qd6 Qxd7 38. Qxd7 Nxd7 39.
Rxd7 Kf8 40. Ra7 Rd8 41. Rxa6 Rd3 42. Ra8+ Ke7 43. a6 Rb3 44. a7 Rxb2 45.
Re8+ Kxe8 46. a8=Q+ Ke7 47. Qb7+ Kf8 48. Qb8+ Ke7 49. Qd6+ 1-0

[Event "38th Olympiad"]
[Site "Dresden GER"]
[Date "2008.11.14"]
[Round "2"]
[White "Michel Yunis,C"]
[Black "Borg,A"]
[Result "0-1"]
[WhiteElo "2368"]
[BlackElo "2112"]
[EventDate "2008.11.13"]

1. d4 d5 2. c4 c6 3. Nf3 Nf6 4. Nc3 dxc4 5. a4 Bf5 6. e3 e6 7. Bxc4 Bb4 8.
O-O O-O 9. h3 Nbd7 10. Nh4 Nb6 11. Be2 a5 12. Nxf5 exf5 13. Qb3 Ne4 14. Bd3
Re8 15. Qc2 Qe7 16. f3 Ng3 17. Rd1 g6 18. Qf2 Nh5 19. g4 Ng7 20. Kg2 fxg4
21. hxg4 h5 22. gxh5 Nxh5 23. e4 Rad8 24. Ne2 Bd6 25. f4 Bc7 26. Rh1 Nd7
27. Qf3 Qf6 28. e5 Qg7 29. f5 Bxe5 30. fxg6 fxg6 31. Bc4+ Kh8 32. dxe5 Nxe5
33. Qc3 b5 34. Bg5 bxc4 35. Bxd8 Rxd8 36. Rad1 Re8 37. Ng3 Kg8 38. Rh4 Qf6
39. Re4 Nf4+ 40. Kg1 Nd5 41. Qc1 Qf3 0-1

[Event "38th Olympiad"]
[Site "Dresden GER"]
[Date "2008.11.14"]
[Round "2"]
[White "Zerafa,P"]
[Black "Moussa,A"]
[Result "1/2-1/2"]
[WhiteElo "2065"]
[BlackElo "2223"]
[EventDate "2008.11.13"]

1. e4 c6 2. d4 d5 3. Nc3 dxe4 4. Nxe4 Nd7 5. Bd3 Ndf6 6. Nf3 Nxe4 7. Bxe4
Nf6 8. Bd3 Bg4 9. c3 e6 10. Bf4 Bd6 11. Bg3 O-O 12. O-O Qc7 13. Re1 Rad8
14. Qe2 Rfe8 15. Qe3 Nd5 16. Qg5 Bxf3 17. gxf3 Nf4 18. Bf1 f6 19. Qh4 g5
20. Qh6 Qf7 21. Bxf4 gxf4 22. Bc4 Kh8 23. Kh1 a5 24. a4 c5 25. Rad1 cxd4
26. Rxd4 Be5 27. Rdd1 Qg6 28. Qh3 Rxd1 29. Rxd1 Qc2 30. Rd7 Qb1+ 31. Bf1
Rg8 32. Rxb7 Bxc3 33. Rd7 Be5 34. b3 Ba1 35. Rd6 e5 36. Rc6 Qg6 37. Qg4 Qb1
38. Qh3 Qg6 39. Qg4 Qb1 40. Qh3 Qxb3 41. Rc8 Bd4 42. Rxg8+ Qxg8 43. Qh4 Qg6
44. Bb5 Kg7 45. Qg4 Qxg4 46. fxg4 Bxf2 47. Kg2 Bd4 48. Kf3 h6 49. Bd3 Kf7
50. Bf5 Ke7 51. Bg6 Kd6 52. h4 Kc5 53. h5 Kc4 54. Bf7+ Kd3 55. Bg6+ Kd2 56.
Bf5 Be3 57. Bg6 Ke1 58. Bf5 Kd2 59. Bg6 Kc3 60. Bf7 Bc1 61. Bg6 1/2-1/2

[Event "38th Olympiad"]
[Site "Dresden GER"]
[Date "2008.11.14"]
[Round "2"]
[White "Ihsan,J"]
[Black "Zerafa,R"]
[Result "1-0"]
[WhiteElo "2166"]
[BlackElo "1991"]
[EventDate "2008.11.13"]

1. c4 Nf6 2. Nc3 d5 3. cxd5 Nxd5 4. e4 Nxc3 5. bxc3 g6 6. Bc4 Bg7 7. h4 Nd7
8. Nf3 h6 9. d4 c5 10. e5 Nb6 11. Bb5+ Bd7 12. Qe2 e6 13. Rb1 Nd5 14. Bd2
cxd4 15. cxd4 Rc8 16. Rb3 a6 17. Bd3 b5 18. O-O Bc6 19. Be4 O-O 20. h5 g5
21. Bb1 Qb6 22. Re1 Rfd8 23. Qd3 Nf4 24. Qh7+ Kf8 25. Bb4+ Ke8 26. Qg8+ Kd7
27. Qxf7+ 1-0

[Event "38th Olympiad"]
[Site "Dresden GER"]
[Date "2008.11.14"]
[Round "2"]
[White "Merritt,M"]
[Black "Oyunbaatar,T"]
[Result "1/2-1/2"]
[WhiteElo "2123"]
[BlackElo "2306"]
[EventDate "2008.11.13"]

1. c4 Nf6 2. Nc3 c6 3. d4 d5 4. cxd5 cxd5 5. Bf4 Nc6 6. e3 a6 7. Rc1 e6 8.
Bd3 Qb6 9. Qe2 Be7 10. Nf3 O-O 11. h3 Bd7 12. O-O Rfc8 13. Ne5 Qd8 14. Nxc6
Rxc6 15. Rc2 g6 16. Rfc1 Rac8 17. Nb1 Qa5 18. Rxc6 Rxc6 19. Rxc6 Bxc6 20.
a3 Ne4 21. f3 Nd6 22. Qd2 Qb6 23. Qc3 Bb5 24. Bxb5 axb5 25. Bxd6 Qxd6 26.
f4 Kg7 27. Nd2 b4 28. Qxb4 Qxb4 29. axb4 Bxb4 30. Nf3 Kf6 31. Kf1 Ke7 32.
Ke2 f6 33. g4 Kd7 34. g5 f5 35. Ne5+ Ke7 36. Kd1 Bd6 37. Nd3 Kd7 38. Kc2
Kc6 39. Kb3 Kb5 40. Kc3 Ka4 41. Kc2 b6 42. Kc3 Ka5 43. Kb3 Kb5 44. Kc3 Ka4
45. Kc2 Ka5 46. Kb3 Kb5 47. Kc3 Ka4 48. Kc2 1/2-1/2

[Event "38th Olympiad"]
[Site "Dresden GER"]
[Date "2008.11.14"]
[Round "2"]
[White "Chang,E1"]
[Black "Battulga,N"]
[Result "0-1"]
[WhiteElo "2056"]
[BlackElo "2317"]
[EventDate "2008.11.13"]

1. e4 c5 2. Nc3 Nc6 3. g3 g6 4. Bg2 Bg7 5. d3 e6 6. f4 d6 7. Nf3 Nge7 8.
O-O Rb8 9. Be3 Nd4 10. Qd2 O-O 11. Nd1 b5 12. c3 Nxf3+ 13. Bxf3 b4 14. d4
bxc3 15. bxc3 cxd4 16. Bxd4 Ba6 17. Re1 Bxd4+ 18. cxd4 d5 19. Ne3 dxe4 20.
Bxe4 Bb7 21. Ng4 Bxe4 22. Nf6+ Kg7 23. Nxe4 Qb6 24. Nc5 Rfd8 25. Qe3 Rd5
26. Rad1 Nf5 27. Qc3 Qb2 28. Na4 Qxc3 29. Nxc3 Rxd4 30. Rxd4 Nxd4 31. Rd1
Rb4 32. Rd3 a5 33. a3 Rc4 34. Kf2 h6 35. h3 g5 36. fxg5 hxg5 37. Ne4 Kg6
38. Nd6 Rc2+ 39. Kf1 Nc6 40. g4 Ne5 41. Re3 Nc4 42. Nxc4 Rxc4 43. Ke2 Rd4
44. Re5 Rd5 45. Re4 Rb5 46. Re3 Rb2+ 47. Kf3 a4 48. Ke4 f5+ 49. Kd4 Kf6 50.
gxf5 exf5 51. Rc3 f4 52. Rc6+ Kf5 53. Rc5+ Kg6 54. Ra5 f3 55. Rxa4 f2 56.
Ra6+ Kf5 57. Ra8 Kf4 58. Rf8+ Kg3 59. Rf5 Kxh3 60. Ke3 g4 61. Rxf2 Rxf2 62.
Kxf2 Kh2 0-1

[Event "38th Olympiad"]
[Site "Dresden GER"]
[Date "2008.11.14"]
[Round "2"]
[White "Postny,E"]
[Black "Kosic,D"]
[Result "1-0"]
[WhiteElo "2674"]
[BlackElo "2511"]
[EventDate "2008.11.13"]

1. d4 e6 2. c4 Bb4+ 3. Bd2 Bxd2+ 4. Nxd2 d5 5. Ngf3 Nf6 6. g3 O-O 7. Bg2
Qe7 8. O-O Nbd7 9. Qc2 c5 10. dxc5 Qxc5 11. Rfc1 Nb6 12. Ne5 dxc4 13. Ndxc4
Nxc4 14. Nxc4 Rb8 15. Ne3 Qxc2 16. Rxc2 Bd7 17. Rac1 Rfc8 18. Nc4 Kf8 19.
e4 Ke7 20. f4 Ne8 21. e5 b6 22. Kf2 Rc7 23. Ke3 Rbc8 24. Be4 h5 25. b3 g6
26. a4 Rc5 27. h3 R5c7 28. a5 bxa5 29. Nxa5 Rxc2 30. Rxc2 Rxc2 31. Bxc2 Nc7
32. Kd4 Na6 33. Bd3 Nb4 34. Be4 Na6 35. Nb7 Nc7 36. Kc5 Na6+ 37. Kc4 Nc7
38. Nd6 Kf8 39. Bb7 Ke7 40. Kc5 Nd5 41. h4 Ne3 42. Bc6 Nf1 43. Ne4 Ne3 44.
Kb5 Nf1 45. Bxd7 Kxd7 46. Ka6 Kc6 47. b4 Kd5 48. Nd6 Nxg3 49. Kxa7 Ne2 50.
b5 Nd4 51. b6 Nb3 52. Nxf7 Ke4 53. Ng5+ Kxf4 54. Nxe6+ Ke4 55. Ng5+ Kf5 56.
e6 Kf6 57. b7 1-0

[Event "38th Olympiad"]
[Site "Dresden GER"]
[Date "2008.11.14"]
[Round "2"]
[White "Mak Kei Keng"]
[Black "Chandler,M"]
[Result "0-1"]
[WhiteElo "2017"]
[BlackElo "2515"]
[EventDate "2008.11.13"]

1. Nf3 d6 2. e3 e5 3. c4 f5 4. Nc3 Nf6 5. Be2 Be7 6. b3 O-O 7. Bb2 Na6 8.
a3 c6 9. b4 Nc7 10. Qc2 Ne6 11. Nh4 g6 12. g3 b6 13. f4 Bb7 14. Nf3 Nd7 15.
h4 Bf6 16. h5 Qe7 17. hxg6 hxg6 18. O-O-O Rf7 19. Rh6 Ndf8 20. Rdh1 Rh7 21.
Rxh7 Nxh7 22. g4 e4 23. g5 Bg7 24. Ne1 Rd8 25. Qa4 a6 26. Nc2 b5 27. Qb3
Nhf8 28. Nd1 bxc4 29. Bxc4 d5 30. Be2 c5 31. Bxg7 Qxg7 32. Nc3 c4 33. Qa2
Bc6 34. Rh2 Be8 35. Rh6 Bf7 36. Rh1 Be8 37. Rh6 Bf7 38. Rh1 Rd7 39. a4 Rd8
40. a5 Rd7 41. Qa4 d4 42. Nxd4 Nxd4 43. exd4 Qxd4 44. Qc2 Ne6 45. Rf1 e3
46. b5 axb5 0-1

[Event "38th Olympiad"]
[Site "Dresden GER"]
[Date "2008.11.14"]
[Round "2"]
[White "Dive,RJ"]
[Black "Ssegirinya,J"]
[Result "1-0"]
[WhiteElo "2357"]
[BlackElo "2013"]
[EventDate "2008.11.13"]

1. c4 Nf6 2. g3 e6 3. Bg2 d5 4. Nf3 c6 5. b3 Bc5 6. O-O d4 7. d3 Nbd7 8.
Na3 e5 9. Nc2 a5 10. a3 O-O 11. Bd2 Bb6 12. b4 a4 13. c5 Bc7 14. e3 dxe3
15. Bxe3 Nd5 16. Bg5 f6 17. Bc1 Re8 18. Bb2 Nf8 19. Nd2 Bf5 20. Nc4 Qd7 21.
Re1 Rad8 22. Be4 Bg6 23. Bxg6 Nxg6 24. Qf3 Qh3 25. Qg2 Qd7 26. Rad1 f5 27.
Qf3 f4 28. d4 fxg3 29. hxg3 Rf8 30. Qg2 e4 31. Ne5 Qe6 32. Nxg6 Qxg6 33.
Rxe4 Nf6 34. Re2 Rde8 35. Rde1 Qxc2 36. Rxc2 Rxe1+ 37. Kh2 Ng4+ 38. Kh3 Nh6
39. f4 Rf5 40. Qf3 g6 41. Rc1 Rh5+ 1-0